000 00390 a2200169 4500
001 71913
020 _a
040 _cAnchieta - Colégio São Paulo
100 _aMachado, Ana Maria
240 1 0 _aPassarinho me contou
_lpor
245 1 0 _aPassarinho me contou
300 _a20[1p.]
362 0 _a1991
440 1 _aNova Fronteira
650 4 _aLiteratura infanto-juvenil
942 _cBK
999 _c71913
_d71913